00427 2200181 4500001002100000005001500021008004100036020001800077035001900095041000700114082000800121090001400129100001700143245001900160260003100179300002000210650001500230INLIS00000000001853620241224115525241224||||||||| | ||| |||| || |  a979-526-154-1 0010-1224018536 aid0 a813 a813 TRI b0 aTrim Sutidja00aBENCANA BANJIR aBandungbBumi Aksarac2007 a55hlm;14,5x21cm 0anovel anak